[Event "IRI-chT 18th"]
[Site "Tehran"]
[Date "2019.11.24"]
[Round "3.2"]
[White "Pourramezanali, Amirreza"]
[Black "Delavari, Amirali"]
[Result "1/2-1/2"]
[WhiteElo "2486"]
[BlackElo "2147"]
[PlyCount "145"]
[EventDate "2019.11.23"]
[EventType "team-tourn"]
[EventRounds "9"]
[EventCountry "IRI"]
[SourceTitle "CBM 193 Extra"]
[Source "ChessBase"]
[SourceDate "2020.01.31"]
[SourceVersion "1"]
[SourceVersionDate "2020.01.31"]
[SourceQuality "1"]
[WhiteTeam "Persepolis Iran"]
[BlackTeam "Hamedan"]
[WhiteTeamCountry "IRI"]
[BlackTeamCountry "IRI"]

1. e4 c5 2. Nf3 Nc6 3. d4 cxd4 4. Nxd4 g6 5. c4 Bg7 6. Be3 Nf6 7. Nc3 Ng4 8. Qxg4 Nxd4 9. Qd1 Ne6 10. Qd2 Qa5 11. Rc1 d6 12. Be2 Bd7 13. 0-0 Bc6 14. a3 b6 15. Rc2 Bxc3 16. Rxc3 Bxe4 17. Bg4 f5 18. Bd1 0-0 19. Re1 f4 20. Bxb6 Qf5 21. Bd4 Bc6 22. f3 Nxd4 23. Qxd4 Qc5 24. Qxc5 dxc5 25. Rxe7 Rad8 26. Be2 a5 27. Rd3 Rxd3 28. Bxd3 Rd8 29. Bf1 Bd7 30. b3 Bf5 31. Re5 Rd1 32. Kf2 Ra1 33. a4 Ra2+ 34. Be2 Bc2 35. Rxc5 Bxb3 36. Ke1 Rxa4 37. Kd2 Ra2+ 38. Kc3 a4 39. Re5 Kf7 40. g3 Rc2+ 41. Kb4 Rb2 42. Bd3 fxg3 43. hxg3 Bd1+ 44. Kc3 Rb3+ 45. Kd4 Bxf3 46. Ra5 Bc6 47. Ra7+ Rb7 48. Ra6 Rc7 49. Bc2 Ke7 50. c5 Rd7+ 51. Kc3 Rc7 52. Kc4 Kd7 53. Bxa4 Bxa4 54. Rxa4 Kc6 55. Ra6+ Kb7 56. Rf6 Rc6 57. Rf8 h5 58. Rg8 Rf6 59. Kb5 Kc7 60. Rg7+ Kc8 61. c6 Rf3 62. Rxg6 Re3 63. Kc5 Rd3 64. Kc4 Rd1 65. Rg5 Kc7 66. Kc5 Rd3 67. Rg7+ Kc8 68. Kb5 Rc3 69. Kb6 Rb3+ 70. Ka6 Ra3+ 71. Kb5 Rc3 72. Kb6 Rb3+ 73. Kc5 1/2-1/2

[Event "IRI-chT S2 17th"]
[Site "Tehran"]
[Date "2019.04.16"]
[Round "3.2"]
[White "Gholami Orimi, Mahdi"]
[Black "Delavari, Amirali"]
[Result "1-0"]
[WhiteElo "2406"]
[BlackElo "2197"]
[PlyCount "59"]
[EventDate "2019.04.15"]
[EventType "team-swiss"]
[EventRounds "7"]
[EventCountry "IRI"]
[SourceTitle "CBM 189 Extra"]
[Source "ChessBase"]
[SourceDate "2019.06.03"]
[SourceVersion "1"]
[SourceVersionDate "2019.06.03"]
[SourceQuality "1"]
[WhiteTeam "Esfahan Zob Ahan"]
[BlackTeam "Hamedan Heyat Shatranj"]
[WhiteTeamCountry "IRI"]
[BlackTeamCountry "IRI"]

1. d4 e6 2. c4 b6 3. Nc3 Bb7 4. e4 Bb4 5. Qc2 Qh4 6. d5 Nf6 7. Bd3 exd5 8. exd5 Qg4 9. Nge2 b5 10. 0-0 Bxc3 11. bxc3 d6 12. Nf4 Qd7 13. Re1+ Kf8 14. Bf5 Qd8 15. cxb5 Nbd7 16. c4 a6 17. bxa6 Rxa6 18. Bb2 c6 19. Bxd7 Nxd7 20. Qf5 Nc5 21. Ne6+ Nxe6 22. dxe6 Qe7 23. exf7 Qxf7 24. Qg5 Ra8 25. Re4 h6 26. Qh4 Qd7 27. Rae1 g5 28. Qh5 Rh7 29. Re6 Qf7 30. Rf6 1-0

[Event "IRI-chT 17th"]
[Site "Rasht"]
[Date "2018.11.02"]
[Round "4.1"]
[White "Bolourchifard, Farzad"]
[Black "Delavari, Amirali"]
[Result "1/2-1/2"]
[WhiteElo "2242"]
[BlackElo "2213"]
[PlyCount "45"]
[EventDate "2018.10.31"]
[EventType "team-swiss"]
[EventRounds "7"]
[EventCountry "IRI"]
[SourceTitle "CBM 187 Extra"]
[Source "ChessBase"]
[SourceDate "2018.11.04"]
[SourceVersion "1"]
[SourceVersionDate "2018.11.04"]
[SourceQuality "1"]
[WhiteTeam "Rasht Donyaye Felez"]
[BlackTeam "Heyat Shatranj Hamedan"]
[WhiteTeamCountry "IRI"]
[BlackTeamCountry "IRI"]

1. d4 Nf6 2. Nf3 d5 3. c4 c6 4. Nbd2 Bf5 5. Nh4 Be4 6. Qb3 Qb6 7. Qxb6 axb6 8. Nxe4 Nxe4 9. e3 Na6 10. Bd3 Nb4 11. Bb1 e6 12. Nf3 Be7 13. Bd2 Nxd2 14. Nxd2 c5 15. cxd5 exd5 16. 0-0 Bf6 17. Nf3 Nc6 18. Rd1 Ke7 19. a3 cxd4 20. exd4 Kd6 21. Ba2 Rhe8 22. Rd2 Rac8 23. Rad1 1/2-1/2

[Event "IRI-chT 16th"]
[Site "Sari"]
[Date "2018.02.01"]
[Round "9.4"]
[White "Delavari, Amirali"]
[Black "Aghaei, Alireza"]
[Result "1/2-1/2"]
[WhiteElo "2169"]
[BlackElo "2249"]
[PlyCount "48"]
[EventDate "2017.09.13"]
[EventType "team-swiss"]
[EventRounds "11"]
[EventCountry "IRI"]
[SourceTitle "EXT 2019"]
[Source "ChessBase"]
[SourceDate "2018.10.10"]
[SourceVersion "1"]
[SourceVersionDate "2018.10.10"]
[SourceQuality "1"]
[WhiteTeam "Hamedan"]
[BlackTeam "Esfahan Zob Ahan"]
[WhiteTeamCountry "IRI"]
[BlackTeamCountry "IRI"]

1. c4 e5 2. Nc3 Nc6 3. Nf3 f5 4. d4 e4 5. Ng1 Bb4 6. Nh3 Nf6 7. Bg5 h6 8. Bxf6 Qxf6 9. e3 Bxc3+ 10. bxc3 d6 11. Nf4 0-0 12. h4 Na5 13. h5 b6 14. Qa4 Ba6 15. Be2 Qf7 16. d5 Qe8 17. Qb4 c5 18. dxc6 Qxc6 19. Rd1 Rf6 20. Nd5 Rf7 21. Nf4 Rf6 22. Nd5 Rf7 23. Nf4 Rf6 24. Nd5 Rf7 1/2-1/2

[Event "IRI-chT 16th"]
[Site "Sari"]
[Date "2018.01.31"]
[Round "7.4"]
[White "Delavari, Amirali"]
[Black "Sedaghati, Mehrdad"]
[Result "1-0"]
[WhiteElo "2169"]
[BlackElo "2220"]
[PlyCount "97"]
[EventDate "2017.09.13"]
[EventType "team-swiss"]
[EventRounds "11"]
[EventCountry "IRI"]
[SourceTitle "EXT 2019"]
[Source "ChessBase"]
[SourceDate "2018.10.10"]
[SourceVersion "1"]
[SourceVersionDate "2018.10.10"]
[SourceQuality "1"]
[WhiteTeam "Hamedan"]
[BlackTeam "Bandarabbas Azad Univ"]
[WhiteTeamCountry "IRI"]
[BlackTeamCountry "IRI"]

1. d4 Nf6 2. Nf3 e6 3. c4 b6 4. g3 Ba6 5. b3 Bb4+ 6. Bd2 Be7 7. Bg2 d5 8. 0-0 c6 9. Ne5 0-0 10. Bc3 Nfd7 11. Nxd7 Nxd7 12. Nd2 b5 13. Re1 Rb8 14. Qc2 Qc7 15. c5 b4 16. Bb2 Bb5 17. a4 bxa3 18. Rxa3 Bf6 19. f4 Rfe8 20. e4 dxe4 21. Nxe4 Be7 22. Nc3 Nf6 23. Nxb5 Rxb5 24. f5 exf5 25. Qxf5 g6 26. Qf4 Qb7 27. Qf3 Nd5 28. Bf1 Rb4 29. Bc4 Rf8 30. Ra2 Qc7 31. Ba3 Rbb8 32. Bxd5 cxd5 33. Rae2 Bg5 34. Qxd5 h6 35. Qf3 Qa5 36. b4 Qa4 37. h4 Bd8 38. Kg2 a5 39. Bc1 Kg7 40. Qf4 Rxb4 41. Qxh6+ Kg8 42. d5 Rg4 43. Bf4 Qb3 44. Bd6 Qxd5+ 45. Kh3 Be7 46. Bxe7 Rb8 47. Bf6 Rxg3+ 48. Kxg3 Rb3+ 49. Re3 1-0

[Event "Hamedan op"]
[Site "Hamedan"]
[Date "2017.08.16"]
[Round "7"]
[White "Delavari, Amirali"]
[Black "Veisi, Bardia"]
[Result "0-1"]
[WhiteElo "2150"]
[BlackElo "2203"]
[PlyCount "40"]
[EventDate "2017.08.12"]
[EventType "swiss"]
[EventRounds "11"]
[EventCountry "IRI"]
[SourceTitle "CBM 180 Extra"]
[Source "ChessBase"]
[SourceDate "2017.10.06"]
[SourceVersion "1"]
[SourceVersionDate "2017.10.06"]
[SourceQuality "1"]

1. e4 e6 2. b3 d5 3. Bb2 dxe4 4. Nc3 Nf6 5. Qe2 Bb4 6. g4 0-0 7. 0-0-0 e5 8. Nxe4 Nc6 9. f3 Nd5 10. h4 Qe7 11. Kb1 Ba3 12. Ba1 a5 13. Qh2 a4 14. Bc4 Nb6 15. Bb5 Nd4 16. Nc3 axb3 17. cxb3 Be6 18. d3 Qb4 19. Bc4 Bxc4 20. dxc4 Nxb3 0-1

[Event "IRI-ch sf"]
[Site "Arak"]
[Date "2016.11.24"]
[Round "5"]
[White "Alavi, Sayed Javad"]
[Black "Delavari, Amirali"]
[Result "1/2-1/2"]
[WhiteElo "2466"]
[BlackElo "2203"]
[PlyCount "95"]
[EventDate "2016.11.21"]
[EventType "swiss"]
[EventRounds "9"]
[EventCountry "IRI"]
[SourceTitle "CBM 175 Extra"]
[Source "ChessBase"]
[SourceDate "2016.12.12"]
[SourceVersion "1"]
[SourceVersionDate "2016.12.12"]
[SourceQuality "1"]

1. Nf3 Nf6 2. c4 e6 3. Nc3 b6 4. g3 Bb7 5. Bg2 c5 6. 0-0 Be7 7. d4 cxd4 8. Qxd4 d6 9. Rd1 a6 10. b3 Nbd7 11. Bb2 Qc7 12. Qe3 Rc8 13. Nd4 Bxg2 14. Kxg2 Ne5 15. Rac1 Qb7+ 16. Kg1 h5 17. f4 Ned7 18. Qf3 Qxf3 19. exf3 g6 20. Nc2 0-0 21. Ba3 Nc5 22. Nb4 Rfd8 23. Rd2 Ne8 24. Kg2 f5 25. Rcd1 Kf7 26. Ne2 Bf6 27. Bb2 Bxb2 28. Rxb2 a5 29. Nd3 Nxd3 30. Rxd3 Nf6 31. Rbd2 d5 32. Nc3 Rc5 33. Nd1 Ke7 34. Ne3 b5 35. cxd5 Nxd5 36. Kf2 Rd7 37. Nc2 Nf6 38. Rxd7+ Nxd7 39. Nd4 e5 40. fxe5 Nxe5 41. Ne2 g5 42. h3 Nc6 43. h4 f4 44. hxg5 fxg3+ 45. Nxg3 Rxg5 46. f4 Rc5 47. Ne4 Rc1 48. Kf3 1/2-1/2

[Event "IRI-ch sf"]
[Site "Arak"]
[Date "2016.11.24"]
[Round "6"]
[White "Mousavi, Seyed Khalil"]
[Black "Delavari, Amirali"]
[Result "1-0"]
[WhiteElo "2424"]
[BlackElo "2203"]
[PlyCount "91"]
[EventDate "2016.11.21"]
[EventType "swiss"]
[EventRounds "9"]
[EventCountry "IRI"]
[SourceTitle "CBM 175 Extra"]
[Source "ChessBase"]
[SourceDate "2016.12.12"]
[SourceVersion "1"]
[SourceVersionDate "2016.12.12"]
[SourceQuality "1"]

1. d4 e6 2. c4 Nf6 3. Nf3 c5 4. Nc3 cxd4 5. Nxd4 a6 6. e4 Qc7 7. a3 Nxe4 8. Nxe6 dxe6 9. Nxe4 Nc6 10. Bd3 f5 11. Nc3 Ne5 12. Be2 Be7 13. Qd4 Bf6 14. Qf4 Bd7 15. Qg3 Qc8 16. Bg5 Bxg5 17. Qxg5 0-0 18. Rd1 Bc6 19. 0-0 Rf6 20. Qe3 Ng6 21. f4 Qc7 22. b4 e5 23. fxe5 Qxe5 24. Qxe5 Nxe5 25. b5 axb5 26. cxb5 Be4 27. a4 b6 28. Rf4 Bb7 29. Rfd4 Rc8 30. Nd5 Bxd5 31. Rxd5 Re8 32. Rb1 f4 33. a5 bxa5 34. b6 f3 35. Rxe5 Rxe5 36. b7 Re8 37. b8Q f2+ 38. Kf1 Rxb8 39. Rxb8+ Kf7 40. Rb5 a4 41. Rb4 a3 42. Ra4 g5 43. Rxa3 Rf4 44. Rf3 Rxf3 45. Bxf3 Kg6 46. Be4+ 1-0

[Event "Sardaran op 5th"]
[Site "Urmia"]
[Date "2016.07.27"]
[Round "8"]
[White "Bagheri, Maziar"]
[Black "Delavari, Amirali"]
[Result "1-0"]
[WhiteElo "2298"]
[BlackElo "2220"]
[PlyCount "95"]
[EventDate "2016.07.22"]
[EventType "swiss"]
[EventRounds "9"]
[EventCountry "IRI"]
[SourceTitle "CBM 173 Extra"]
[Source "ChessBase"]
[SourceDate "2016.08.29"]
[SourceVersion "1"]
[SourceVersionDate "2016.08.29"]
[SourceQuality "1"]

1. Nf3 Nf6 2. c4 e6 3. Nc3 c5 4. g3 b6 5. Bg2 Bb7 6. 0-0 Be7 7. Re1 d6 8. e4 a6 9. d4 cxd4 10. Nxd4 Qc7 11. Be3 Nbd7 12. f4 h5 13. h3 Rd8 14. Rc1 Qb8 15. f5 e5 16. Nc2 Nc5 17. Bf2 Rc8 18. Qe2 Bc6 19. Nb4 Ba8 20. Nbd5 Bxd5 21. Nxd5 Nxd5 22. cxd5 Bg5 23. Rc2 a5 24. h4 Bh6 25. Qb5+ Ke7 26. Rb1 a4 27. b4 axb3 28. axb3 Nd7 29. Rc6 Qa7 30. b4 Qa2 31. Re1 Bd2 32. Rd1 Qb2 33. Qe2 Bc3 34. Qxb2 Bxb2 35. Rd2 Ba3 36. Rdc2 Ra8 37. Be1 Ra4 38. f6+ gxf6 39. Rc7 Rha8 40. Bh3 Rd8 41. Rb7 Bxb4 42. Bxb4 Rxb4 43. Rcc7 Kf8 44. Bxd7 Ra8 45. Bh3 Ra1+ 46. Bf1 Rxe4 47. Rxf7+ Kg8 48. Rfd7 1-0

[Event "Hamedan 5th"]
[Site "Hamedan"]
[Date "2013.??.??"]
[Round "1.5"]
[White "Delavari, Amirali"]
[Black "Asadi, Sadegh"]
[Result "1/2-1/2"]
[WhiteElo "1835"]
[BlackElo "2053"]
[PlyCount "137"]
[EventDate "2013.12.30"]
[EventType "tourn"]
[EventRounds "11"]
[EventCountry "IRI"]
[SourceTitle "EXT 2024"]
[Source "ChessBase"]
[SourceDate "2023.10.10"]
[SourceVersion "1"]
[SourceVersionDate "2023.10.10"]
[SourceQuality "1"]

1. e4 c6 2. d4 d5 3. e5 c5 4. dxc5 e6 5. c4 Bxc5 6. Nc3 Qb6 7. Qc2 Nc6 8. Nf3 Nge7 9. Bf4 Bd7 10. a3 Nd4 11. Nxd4 Bxd4 12. Bd3 dxc4 13. Be4 Nc6 14. Na4 Qa5+ 15. Bd2 Qxe5 16. 0-0 b5 17. Nc3 f5 18. Bf3 0-0 19. Rae1 Qc5 20. Ne2 a5 21. Nxd4 Nxd4 22. Qc3 Nxf3+ 23. Qxf3 Bc6 24. Qf4 Rf6 25. Qe5 Bd5 26. Be3 Qc6 27. f3 b4 28. axb4 axb4 29. Ra1 Rf7 30. Bd4 h6 31. Rfc1 Rxa1 32. Rxa1 Rb7 33. Ra8+ Kh7 34. Ra7 Rxa7 35. Bxa7 c3 36. Bd4 Qb7 37. bxc3 b3 38. c4 Bxc4 39. Kf2 Qe7 40. g3 Bd5 41. h4 Qb7 42. f4 Qf7 43. Bb2 Qg6 44. Qc3 Qg4 45. Ke1 Qg6 46. Kf2 Qf7 47. Qe5 Qb7 48. Ke3 Bg2 49. Kd2 Qd5+ 50. Qxd5 Bxd5 51. Ke3 Kg6 52. Kf2 Kf7 53. Ke3 g6 54. Kd2 Ke7 55. Bg7 h5 56. Be5 Kd7 57. Kc3 Kc6 58. Kd3 Be4+ 59. Kc4 Bd5+ 60. Kd3 Kc5 61. Bd4+ Kb4 62. Bb2 Bc4+ 63. Kd4 Be2 64. Ke3 Bb5 65. Kd4 Ba6 66. Ke3 Kc4 67. Be5 Bb7 68. Bd4 Kb4 69. Bb2 1/2-1/2